Normal view
MARC view
Entry Topical Term
001 - CONTROL NUMBER
- control field: 19023
003 - CONTROL NUMBER IDENTIFIER
- control field: OSt
005 - DATE AND TIME OF LATEST TRANSACTION
- control field: 20151202130224.0
008 - FIXED-LENGTH DATA ELEMENTS
- fixed length control field: 151202|| aca||aabn | a|a d
040 ## - CATALOGING SOURCE
- Original cataloging agency: OSt
- Transcribing agency: OSt
150 ## - HEADING--TOPICAL TERM
- Topical term or geographic name entry element: Children's Book
670 ## - SOURCE DATA FOUND
- Source citation: Work cat.: (OSt)7502: Ara, Jamal 19022, Watching Birds, 1970









